[Event "FB21 2324 TuS Coswig 1920 - SC Leipzig-L"]
[Site "?"]
[Date "2023.10.14"]
[Round "1.1"]
[White "Weimert, Miriam"]
[Black "Moses, Selina"]
[Result "1/2-1/2"]
[WhiteElo "1888"]
[BlackElo "1927"]
[PlyCount "28"]
[EventDate "2023.??.??"]

1. e4 e5 2. Nf3 Nf6 3. Nc3 Nc6 4. d4 exd4 5. Nxd4 Bb4 6. Nxc6 bxc6 7. Bd3 O-O 8. O-O d5 9. exd5 cxd5 10. Bg5 c6 11. Qf3 Bd6 12. Bxf6 Qxf6 13. Qxf6 gxf6 14. Ne2 Rb8 1/2-1/2

[Event "FB21 2324 TuS Coswig 1920 - SC Leipzig-L"]
[Site "?"]
[Date "2023.10.14"]
[Round "1.2"]
[White "Timme, Karin"]
[Black "Spangenberg, Romy"]
[Result "1/2-1/2"]
[WhiteElo "2064"]
[BlackElo "1840"]
[PlyCount "175"]
[EventDate "2023.??.??"]

1. d4 d5 2. c4 e6 3. Nc3 Nf6 4. Bg5 Be7 5. e3 O-O 6. Nf3 b6 7. cxd5 Nxd5 8. Nxd5 exd5 9. Bxe7 Qxe7 10. Rc1 Qb4+ 11. Qd2 Qxd2+ 12. Kxd2 c6 13. Ne5 Bb7 14. Be2 f6 15. Nd3 Rd8 16. Bf3 Na6 17. Rc3 Rd6 18. Rhc1 Rc8 19. a3 Nb8 20. Nb4 Rcd8 21. Ke1 Kf8 22. g3 h6 23. Nd3 g5 24. Bg4 Bc8 25. Bxc8 Rxc8 26. g4 Ke7 27. Ke2 Nd7 28. f3 Re6 29. Kd2 Rd6 30. R1c2 Nf8 31. b4 a6 32. a4 b5 33. axb5 axb5 34. Ra3 Ne6 35. Ra6 Rc7 36. Rca2 Rd8 37. Kc3 Rh8 38. Ra8 Rxa8 39. Rxa8 Kf7 40. Nc5 Re7 41. Kd3 Nxc5+ 42. dxc5 Kg6 43. Rc8 Re6 44. Rc7 h5 45. h3 hxg4 46. hxg4 f5 47. gxf5+ Kxf5 48. Rf7+ Rf6 49. Rd7 Ke5 50. Re7+ Re6 51. Rd7 Rf6 52. Ke2 Kf5 53. Kf2 Re6 54. Rf7+ Kg6 55. Rc7 Kf5 56. Rf7+ Kg6 57. Rf8 Rf6 58. Rg8+ Kf5 59. Kg3 Re6 60. Rf8+ Rf6 61. e4+ dxe4 62. fxe4+ Ke6 63. Re8+ Kf7 64. Rc8 Rf4 65. Rc7+ Ke6 66. Rxc6+ Ke5 67. Rg6 Rxe4 68. Rxg5+ Ke6 69. Rg4 Re3+ 70. Kf4 Rb3 71. Kg5 Ke5 72. Kg6 Ke6 73. Re4+ Kd5 74. Kf5 Rf3+ 75. Rf4 Rc3 76. Rf1 Rb3 77. Rd1+ Kc4 78. c6 Rc3 79. Ke6 Kxb4 80. Kd7 Ka3 81. c7 b4 82. Rd6 Rxc7+ 83. Kxc7 b3 84. Ra6+ Kb2 85. Kd6 Kb1 86. Kd5 Kc2 87. Rc6+ Kd2 88. Rb6 1/2-1/2

[Event "FB21 2324 TuS Coswig 1920 - SC Leipzig-L"]
[Site "?"]
[Date "2023.10.14"]
[Round "1.3"]
[White "Herbrig, Marie-Helen"]
[Black "Richter, Ulrike"]
[Result "1-0"]
[WhiteElo "1856"]
[BlackElo "1883"]
[PlyCount "89"]
[EventDate "2023.??.??"]

1. d4 d5 2. Bf4 e6 3. e3 Bd6 4. Bg3 Nf6 5. Nd2 Qe7 6. Ngf3 Nbd7 7. Bd3 e5 8. dxe5 Nxe5 9. Nxe5 Bxe5 10. c3 c6 11. Bh4 h6 12. Qc2 Bg4 13. Qa4 g5 14. Bg3 Bxg3 15. hxg3 Bd7 16. Qb3 Be6 17. Qc2 Nd7 18. Nf3 O-O-O 19. b4 g4 20. Nd4 Ne5 21. Be2 h5 22. Qa4 Kb8 23. Rb1 Qd7 24. b5 Rc8 25. bxc6 Nxc6 26. Ba6 Nd8 27. Qb4 Ka8 28. Bb5 Qc7 29. O-O h4 30. Be2 hxg3 31. Nb5 gxf2+ 32. Kxf2 Qc5 33. Qf4 Qe7 34. Rb4 Nc6 35. Ra4 b6 36. Rb1 Qh4+ 37. g3 Qh2+ 38. Ke1 Qg1+ 39. Bf1 Rh5 40. Nc7+ Kb7 41. Nxe6 Ne5 42. Rxa7+ Kxa7 43. Qa4+ Kb7 44. Rxb6+ Kxb6 45. Qa6# 1-0

[Event "FB21 2324 TuS Coswig 1920 - SC Leipzig-L"]
[Site "?"]
[Date "2023.10.14"]
[Round "1.4"]
[White "Moldenhauer, Antje"]
[Black "Lowke, Kathrin"]
[Result "1-0"]
[WhiteElo "1806"]
[BlackElo "1832"]
[PlyCount "95"]
[EventDate "2023.??.??"]

1. e4 c5 2. Nf3 Nc6 3. d4 cxd4 4. Nxd4 Nf6 5. Nc3 g6 6. Be3 Bg7 7. Bc4 O-O 8. Bb3 d6 9. f3 Na5 10. Qd2 Nxb3 11. axb3 a6 12. Bh6 Qc7 13. O-O-O b5 14. h4 Rd8 15. Bxg7 Kxg7 16. h5 e5 17. Nf5+ Bxf5 18. exf5 Rac8 19. Ne4 Nxe4 20. fxe4 d5 21. hxg6 hxg6 22. Qh6+ Kf6 23. Qh4+ g5 24. Qh6+ Ke7 25. Qxg5+ Kd7 26. Rxd5+ Kc6 27. Rxd8 Rxd8 28. Rd1 Rc8 29. Qd2 Kb7 30. Qd5+ Ka7 31. Qd7 Kb7 32. Qxc7+ Kxc7 33. Kd2 Rg8 34. Rg1 Rg3 35. Ke2 Kc6 36. Kf2 Rg4 37. Kf3 Rf4+ 38. Ke3 Rg4 39. g3 Kc5 40. Kf3 Rg8 41. Ra1 Kb6 42. Rd1 Rc8 43. c3 Kc6 44. g4 Rh8 45. Kg3 f6 46. Rd2 Kc7 47. g5 fxg5 48. Rd5 1-0

[Event "FB21 2324 TuS Coswig 1920 - SC Leipzig-L"]
[Site "?"]
[Date "2023.10.14"]
[Round "1.5"]
[White "Lorenz, Nicole"]
[Black "Gebhardt, Christine"]
[Result "1-0"]
[WhiteElo "1876"]
[BlackElo "1717"]
[PlyCount "55"]
[EventDate "2023.??.??"]

1. d4 d5 2. e3 Nf6 3. f4 e6 4. Nf3 c5 5. c3 Nc6 6. a3 Bd6 7. Bd3 O-O 8. Nbd2 Ne7 9. Ne5 b6 10. O-O Bb7 11. Ndf3 Ne4 12. Qe2 Rc8 13. Bd2 f6 14. Ng4 Nf5 15. Nf2 Qe8 16. Bb5 Qf7 17. Nxe4 dxe4 18. Ne1 Rc7 19. a4 Qg6 20. a5 Nh4 21. Kh1 Qh6 22. Qg4 Nf5 23. Bc4 Bc8 24. Qxf5 Kh8 25. Bxe6 Ba6 26. Rg1 g6 27. Qd5 Be7 28. axb6 1-0

[Event "FB21 2324 TuS Coswig 1920 - SC Leipzig-L"]
[Site "?"]
[Date "2023.10.14"]
[Round "1.6"]
[White "Fruebing, Simone"]
[Black "Spangenberg, Pia"]
[Result "1/2-1/2"]
[WhiteElo "1735"]
[BlackElo "1789"]
[PlyCount "46"]
[EventDate "2023.??.??"]

1. Nf3 d5 2. g3 Nf6 3. Bg2 c5 4. b3 Nc6 5. Bb2 Bf5 6. d3 d4 7. O-O e5 8. Nbd2 Bd6 9. e4 Bd7 10. Nc4 Bc7 11. a4 O-O 12. Qd2 Qc8 13. Ba3 b6 14. c3 Bh3 15. cxd4 Bxg2 16. Kxg2 Nxd4 17. Nxd4 exd4 18. b4 cxb4 19. Bxb4 Rd8 20. Be7 Re8 21. Bxf6 gxf6 22. Qh6 Re6 23. f4 Qf8 1/2-1/2

[Event "FB21 2324 SZ Seeblick Dippoldiswalde - S"]
[Site "?"]
[Date "2023.10.14"]
[Round "1.1"]
[White "Gempe, Anet"]
[Black "Peglau, Charis"]
[Result "0-1"]
[WhiteElo "1943"]
[BlackElo "2094"]
[PlyCount "76"]
[EventDate "2023.??.??"]

1. e4 e6 2. d4 b6 3. Bd3 Bb7 4. Qe2 Nf6 5. Nf3 Be7 6. O-O c5 7. Nbd2 Nc6 8. c3 cxd4 9. cxd4 Nb4 10. Bb5 a6 11. Ba4 Bc6 12. Bxc6 Nxc6 13. Rd1 O-O 14. Nf1 d5 15. e5 Ne4 16. Ng3 Nxg3 17. hxg3 b5 18. Bd2 Qb6 19. Bf4 Rfc8 20. Rac1 Qa5 21. a3 Qb6 22. b4 a5 23. bxa5 Rxa5 24. Bd2 Rxa3 25. Rb1 b4 26. Qe1 Rb8 27. Rb2 Na5 28. Rdb1 Nc4 29. Bxb4 Nxb2 30. Bxe7 Rb3 31. Bd6 Nd3 32. Rxb3 Qxb3 33. Qe3 Qd1+ 34. Kh2 Rb1 35. g4 Rc1 36. Nd2 Qg1+ 37. Kg3 Ne1 38. Kf4 Nxg2+ 0-1

[Event "FB21 2324 SZ Seeblick Dippoldiswalde - S"]
[Site "?"]
[Date "2023.10.14"]
[Round "1.2"]
[White "Peglau, Dora"]
[Black "Beltz, Martina"]
[Result "0-1"]
[WhiteElo "2052"]
[BlackElo "1887"]
[PlyCount "66"]
[EventDate "2023.??.??"]

1. Nf3 d5 2. d4 e6 3. g3 Nf6 4. Bg2 c5 5. O-O Nc6 6. b3 b6 7. Bb2 Bb7 8. Nbd2 Bd6 9. c4 O-O 10. Rc1 Rc8 11. e3 Qe7 12. Ne5 Rfd8 13. Qe2 Bb8 14. Ndf3 dxc4 15. bxc4 Nxe5 16. dxe5 Nd7 17. e4 a6 18. a4 Bc6 19. Qc2 b5 20. axb5 axb5 21. cxb5 Bxb5 22. Rfd1 c4 23. Nd4 Ba6 24. f4 Nc5 25. Ra1 Qb7 26. Bc3 Ba7 27. Kh1 Nb3 28. Nxb3 cxb3 29. Qb2 Bd3 30. Re1 Bc2 31. Ba5 Rd7 32. h3 Bd4 33. Qa3 Bxa1 0-1

[Event "FB21 2324 SZ Seeblick Dippoldiswalde - S"]
[Site "?"]
[Date "2023.10.14"]
[Round "1.3"]
[White "Lobe, Sandra"]
[Black "Browning, Rebecca"]
[Result "1/2-1/2"]
[WhiteElo "1797"]
[BlackElo "1906"]
[PlyCount "94"]
[EventDate "2023.??.??"]

1. e4 e6 2. Qe2 Be7 3. d3 d5 4. Nd2 Nf6 5. Ngf3 O-O 6. g3 dxe4 7. dxe4 Nc6 8. c3 e5 9. Bg2 Bg4 10. O-O Qc8 11. Nc4 Re8 12. Re1 h6 13. Qf1 Qe6 14. Ne3 Bh5 15. Nh4 Ng4 16. Nhf5 Bc5 17. Bh3 Nxe3 18. Bxe3 Bxe3 19. Nxe3 Qd6 20. f3 Qc5 21. Kg2 Rad8 22. Qe2 Ne7 23. Rad1 f6 24. Be6+ Bf7 25. Bxf7+ Kxf7 26. Qc4+ Qxc4 27. Nxc4 b6 28. Kf2 h5 29. Ke2 g6 30. Ne3 Ke6 31. Rd2 Rxd2+ 32. Kxd2 Rd8+ 33. Ke2 a5 34. Rd1 Rxd1 35. Kxd1 b5 36. Ke2 f5 37. Kd3 f4 38. Ng2 g5 39. Ke2 c5 40. Ne1 Kd6 41. g4 h4 42. Nd3 c4 43. Nf2 Ke6 44. Kd2 Nc6 45. a3 Nd8 46. Kc2 Kd6 47. b4 a4 1/2-1/2

[Event "FB21 2324 SZ Seeblick Dippoldiswalde - S"]
[Site "?"]
[Date "2023.10.14"]
[Round "1.4"]
[White "Peglau, Mirjam"]
[Black "Oswald, Lena"]
[Result "0-1"]
[WhiteElo "1857"]
[BlackElo "1819"]
[PlyCount "98"]
[EventDate "2023.??.??"]

1. g3 d5 2. Bg2 e6 3. Nf3 Nf6 4. O-O Be7 5. d4 O-O 6. c4 dxc4 7. Qa4 c5 8. Qxc4 Nbd7 9. Rd1 Nd5 10. Nc3 N7b6 11. Qd3 Nb4 12. Qb1 c4 13. b3 cxb3 14. Qxb3 a5 15. a4 Qc7 16. Bf4 Qd8 17. Ne5 Bd6 18. Nb5 Bb8 19. Rac1 Qe7 20. Nc4 Nxc4 21. Rxc4 Bxf4 22. gxf4 Nd5 23. Qg3 Qf6 24. Bxd5 exd5 25. Rc5 b6 26. Rxd5 Bb7 27. Rd6 Qf5 28. Rxb6 Qe4 29. f3 Qe7 30. e4 Ra6 31. Rxa6 Bxa6 32. Kh1 Qb4 33. Nc7 Bc4 34. Rg1 g6 35. f5 Rc8 36. Qe5 Qc3 37. h3 Qxf3+ 38. Kh2 Bf1 39. Rg3 Qf2+ 40. Kh1 Be2 41. fxg6 Bf3+ 42. Rxf3 Qxf3+ 43. Kh2 hxg6 44. d5 Qf2+ 45. Kh1 Qc5 46. Ne8 Qc1+ 47. Kg2 Qd2+ 48. Kg3 Rc3+ 49. Kg4 Qg2+ 0-1

[Event "FB21 2324 SZ Seeblick Dippoldiswalde - S"]
[Site "?"]
[Date "2023.10.14"]
[Round "1.5"]
[White "Oswald, Hannah"]
[Black "Peglau, Sarah"]
[Result "1-0"]
[WhiteElo "1784"]
[BlackElo "1778"]
[PlyCount "45"]
[EventDate "2023.??.??"]

1. e4 d6 2. d4 g6 3. Nc3 a6 4. a4 Bg7 5. Be3 Nf6 6. Be2 O-O 7. f4 e5 8. fxe5 dxe5 9. d5 c6 10. dxc6 Nxc6 11. Nf3 Qa5 12. O-O Ng4 13. Bf2 Rd8 14. Nd5 Nxf2 15. Rxf2 f5 16. Bc4 Bh6 17. Qe2 b5 18. Ne7+ Kh8 19. Nxc6 Qb6 20. Nxd8 Be3 21. Nf7+ Kg7 22. Bd5 Ra7 23. N7xe5 1-0

[Event "FB21 2324 SZ Seeblick Dippoldiswalde - S"]
[Site "?"]
[Date "2023.10.14"]
[Round "1.6"]
[White "Peglau, Lorena"]
[Black "Ottlik, Marie"]
[Result "1/2-1/2"]
[WhiteElo "1147"]
[BlackElo "1491"]
[PlyCount "29"]
[EventDate "2023.??.??"]

1. d4 Nf6 2. Nf3 g6 3. Bf4 Bg7 4. c3 O-O 5. Nbd2 d6 6. e3 Re8 7. Be2 Nbd7 8. O-O e5 9. dxe5 Nxe5 10. Rc1 Qe7 11. Qb3 c6 12. Rfd1 Nxf3+ 13. Nxf3 d5 14. a4 a5 15. Qc2 1/2-1/2

[Event "FB21 2324 SV Merseburg - SC Rotation Pan"]
[Site "?"]
[Date "2023.10.14"]
[Round "1.1"]
[White "Burchardt, Brigitte"]
[Black "Safonova, Valeria"]
[Result "1-0"]
[WhiteElo "2124"]
[BlackElo "1767"]
[PlyCount "79"]
[EventDate "2023.??.??"]

1. e4 c5 2. Nc3 a6 3. g3 b5 4. Bg2 Bb7 5. Nge2 e6 6. O-O Nf6 7. d3 d5 8. exd5 Nxd5 9. Nxd5 Bxd5 10. Bxd5 Qxd5 11. a4 Qc6 12. d4 Be7 13. d5 exd5 14. Nf4 O-O 15. Nxd5 Bd8 16. axb5 axb5 17. Rxa8 Qxa8 18. Be3 Na6 19. b3 Qc6 20. c4 bxc4 21. bxc4 Nb4 22. Qf3 Nxd5 23. cxd5 Qb5 24. Rc1 Be7 25. Bf4 Rd8 26. d6 Bf8 27. Qd5 h6 28. Rxc5 Qe8 29. Rc6 Rd7 30. h4 Qa8 31. Qc4 Qe8 32. Kh2 Qe1 33. Kg2 Qd1 34. Rc7 Qg4 35. f3 Qf5 36. g4 Rxc7 37. dxc7 Qc8 38. Kg3 Be7 39. Qe4 Bc5 40. Qf5 1-0

[Event "FB21 2324 SV Merseburg - SC Rotation Pan"]
[Site "?"]
[Date "2023.10.14"]
[Round "1.2"]
[White "Hartung, Katja"]
[Black "Wagner-Michel, Annett"]
[Result "0-1"]
[WhiteElo "1936"]
[BlackElo "2033"]
[PlyCount "60"]
[EventDate "2023.??.??"]

1. e4 c5 2. d4 cxd4 3. c3 Nf6 4. e5 Nd5 5. Qxd4 e6 6. Bc4 Nc6 7. Qe4 Nde7 8. Nf3 Ng6 9. O-O Qc7 10. Re1 Ngxe5 11. Nxe5 Nxe5 12. Qxe5 Qxc4 13. Na3 Qc5 14. Qxc5 Bxc5 15. Nb5 Kd8 16. Bf4 a6 17. Nc7 Ra7 18. Rad1 b5 19. b4 Be7 20. Nxe6+ fxe6 21. Rxe6 Ke8 22. Re3 Kf7 23. Rde1 Bf6 24. Bd6 Bb7 25. f4 Raa8 26. g4 Rhe8 27. Be5 h6 28. Rf1 Kg6 29. Rd3 Bxe5 30. fxe5 Bc6 0-1

[Event "FB21 2324 SV Merseburg - SC Rotation Pan"]
[Site "?"]
[Date "2023.10.14"]
[Round "1.4"]
[White "Domaske, Susann"]
[Black "Goehler, Antje"]
[Result "0-1"]
[WhiteElo "1765"]
[BlackElo "2074"]
[PlyCount "82"]
[EventDate "2023.??.??"]

1. d4 d5 2. c4 e6 3. a3 c5 4. dxc5 Bxc5 5. cxd5 exd5 6. Nf3 Nf6 7. e3 O-O 8. Bd3 Nc6 9. O-O Bg4 10. Qc2 Bxf3 11. Qxc5 Nd7 12. Qc2 Qg5 13. g3 Qh5 14. Nd2 Nce5 15. Nxf3 Nxf3+ 16. Kg2 Nde5 17. Rh1 Nxd3 18. Qxd3 Qxh2+ 19. Rxh2 Ne1+ 20. Kf1 Nxd3 21. Ke2 Nc5 22. Bd2 Nb3 23. Rd1 d4 24. exd4 Nxd4+ 25. Kf1 Rad8 26. f4 Nf5 27. Kf2 Rfe8 28. Rhh1 Rd3 29. Rhg1 Nd4 30. Rge1 Rxe1 31. Kxe1 Nf3+ 32. Ke2 Rxd2+ 33. Rxd2 Nxd2 34. Kxd2 f5 35. Ke3 Kf7 36. Kd4 Ke6 37. Kc5 h6 38. b4 g5 39. fxg5 hxg5 40. Kd4 Kd6 41. a4 Ke6 0-1

[Event "FB21 2324 SV Merseburg - SC Rotation Pan"]
[Site "?"]
[Date "2023.10.14"]
[Round "1.5"]
[White "Heyme, Sibylle"]
[Black "Moritz, Cornelia"]
[Result "1-0"]
[WhiteElo "1992"]
[BlackElo "1790"]
[PlyCount "36"]
[EventDate "2023.??.??"]

1. e4 c5 2. Nf3 Nc6 3. b3 d6 4. Bb2 e5 5. Nc3 Be6 6. Be2 Be7 7. Nd5 Nf6 8. Nxe7 Qxe7 9. d3 h6 10. a3 O-O 11. O-O Nh7 12. Qd2 f5 13. b4 b6 14. c3 f4 15. d4 Bg4 16. dxe5 Nxe5 17. Nxe5 Bxe2 18. Qd5+ Rf7 1-0

[Event "FB21 2324 SC Rochade Zeulenroda - SC Kre"]
[Site "?"]
[Date "2023.10.14"]
[Round "1.1"]
[White "Von Herman, Brigitte"]
[Black "Wagner, Margarethe"]
[Result "0-1"]
[WhiteElo "1902"]
[BlackElo "1827"]
[PlyCount "52"]
[EventDate "2023.??.??"]

1. e4 c5 2. c4 d6 3. Nc3 Nf6 4. g3 Nc6 5. Bg2 e5 6. Nge2 Be7 7. d3 h6 8. h3 Bd7 9. Be3 Nd4 10. O-O Qc8 11. Kh2 h5 12. a3 a6 13. Rb1 b5 14. b3 Rb8 15. Bg5 Ng4+ 16. hxg4 Bxg5 17. f4 hxg4+ 18. Kg1 exf4 19. gxf4 Bf6 20. Kf2 g3+ 21. Ke3 Bg4 22. Kd2 Rh2 23. Rh1 Qc7 24. Rg1 Nxe2 25. Nxe2 Qa5+ 26. Ke3 Bd4+ 0-1

[Event "FB21 2324 SC Rochade Zeulenroda - SC Kre"]
[Site "?"]
[Date "2023.10.14"]
[Round "1.2"]
[White "Skibbe, Diana"]
[Black "Bolon, Karelle"]
[Result "1-0"]
[WhiteElo "1944"]
[BlackElo "1911"]
[PlyCount "133"]
[EventDate "2023.??.??"]

1. e4 e6 2. d4 d5 3. Nc3 Nc6 4. Nf3 Nf6 5. Bd3 dxe4 6. Nxe4 Nb4 7. Nxf6+ gxf6 8. Be2 Bd6 9. c4 Nc6 10. O-O Bd7 11. a3 a5 12. b3 b6 13. Be3 Qe7 14. Qd3 Qf8 15. Rfd1 Rd8 16. d5 Ne7 17. dxe6 fxe6 18. Nh4 Qf7 19. Bf3 Bc6 20. Qe2 Bxf3 21. Qxf3 O-O 22. Bh6 Rfe8 23. Qe2 Kh8 24. Rd3 Ng8 25. Be3 Qe7 26. Rad1 Bxa3 27. Qh5 Kg7 28. Bd4 Bd6 29. Re1 Qf7 30. Qg4+ Kf8 31. Rh3 Qg7 32. Qe4 c5 33. Bc3 Re7 34. Qc6 Bc7 35. Rf3 Qh6 36. g3 Rd6 37. Qa8+ Kf7 38. Qe4 Kf8 39. Ng2 Kf7 40. Ne3 Qg6 41. Qh4 Rd3 42. Bxf6 Rxe3 43. fxe3 Nxf6 44. Rxf6+ Qxf6 45. Rf1 Qxf1+ 46. Kxf1 Ke8 47. Ke2 Kd7 48. Qe4 Bd6 49. Kf3 Rf7+ 50. Kg2 h5 51. Qg6 Rf5 52. e4 Re5 53. Kf3 Be7 54. h4 Bd6 55. Qg7+ Kc6 56. Qf7 Bc7 57. Qe8+ Kb7 58. Qd7 Kb8 59. Qc6 Kc8 60. g4 hxg4+ 61. Kxg4 Kb8 62. h5 Bd8 63. Qd6+ Bc7 64. Qf8+ Kb7 65. Qf3 Bd8 66. Qf4 Bc7 67. h6 1-0

[Event "FB21 2324 SC Rochade Zeulenroda - SC Kre"]
[Site "?"]
[Date "2023.10.14"]
[Round "1.3"]
[White "Fock, Sana"]
[Black "Zarubinskaya, Irina"]
[Result "1-0"]
[WhiteElo "1798"]
[BlackElo "1747"]
[PlyCount "49"]
[EventDate "2023.??.??"]

1. e4 e5 2. Nf3 Nf6 3. Nc3 Nc6 4. Bb5 Bb4 5. O-O O-O 6. d3 d6 7. Bg5 Bxc3 8. bxc3 a6 9. Bxc6 bxc6 10. Nd2 h6 11. Bh4 d5 12. f4 Qe8 13. Bxf6 gxf6 14. Qh5 Kh7 15. Qh4 f5 16. fxe5 dxe4 17. Rae1 Qxe5 18. Re3 Qxc3 19. Nxe4 fxe4 20. Rf6 Qa1+ 21. Kf2 Bf5 22. Qxh6+ Kg8 23. Rxf5 f6 24. Qg6+ Kh8 25. Rh5# 1-0

[Event "FB21 2324 SC Rochade Zeulenroda - SC Kre"]
[Site "?"]
[Date "2023.10.14"]
[Round "1.4"]
[White "Dietrich, Mareike"]
[Black "Guder, Sibylle"]
[Result "0-1"]
[WhiteElo "1757"]
[BlackElo "1813"]
[PlyCount "108"]
[EventDate "2023.??.??"]

1. e4 c5 2. Nf3 d6 3. d4 cxd4 4. Nxd4 Nf6 5. Nc3 a6 6. Bg5 e6 7. f4 Nbd7 8. Qf3 Qc7 9. O-O-O b5 10. a3 Bb7 11. g4 Be7 12. Bxf6 Nxf6 13. g5 Nd7 14. Kb1 Rc8 15. Rg1 Nc5 16. Bd3 Qb6 17. f5 e5 18. Nde2 b4 19. axb4 Qxb4 20. f6 gxf6 21. gxf6 Bf8 22. Qf5 Rb8 23. b3 Nxb3 24. cxb3 Qxb3+ 25. Kc1 Bh6+ 26. Rd2 Bc8 27. Bb5+ axb5 28. Qh5 Bxd2+ 29. Kxd2 Qb2+ 30. Ke3 Be6 31. Rg7 Rc8 32. Nd5 Qb3+ 33. Kf2 Bxd5 34. exd5 Qxd5 35. Rxh7 Rxh7 36. Qxh7 Rc4 37. Qh8+ Kd7 38. Qh3+ Qe6 39. Qf3 d5 40. Ke1 b4 41. Qb3 Qxf6 42. Qa4+ Kd6 43. Qa6+ Rc6 44. Qb7 Kc5 45. Qa7+ Kb5 46. Qb7+ Kc4 47. Qa8 Ra6 48. Qc8+ Rc6 49. Qg4+ d4 50. Qe4 b3 51. Nc1 Qg6 52. Qe2+ d3 53. Qf2 d2+ 54. Kxd2 Qc2+ 0-1

[Event "FB21 2324 SC Rochade Zeulenroda - SC Kre"]
[Site "?"]
[Date "2023.10.14"]
[Round "1.5"]
[White "Khuong, Thi Hong Nhung"]
[Black "Jacke, Corinna"]
[Result "0-1"]
[WhiteElo "1964"]
[BlackElo "1932"]
[PlyCount "98"]
[EventDate "2023.??.??"]

1. d4 e6 2. c4 f5 3. Nc3 Nf6 4. g3 Bb4 5. Bg2 Ne4 6. Qc2 d5 7. cxd5 exd5 8. Nf3 c6 9. O-O O-O 10. a3 Bd6 11. e3 Nd7 12. b4 a5 13. Rb1 Qe7 14. Qb3 Kh8 15. b5 Ndf6 16. a4 Nxc3 17. Qxc3 Ne4 18. Qc2 Bd7 19. bxc6 bxc6 20. Bb2 Rfb8 21. Ne5 Bxe5 22. dxe5 c5 23. f3 Ng5 24. Rfc1 c4 25. h4 Nf7 26. f4 Be6 27. Rd1 Qc5 28. Bd4 Qc6 29. Rb2 Rxb2 30. Bxb2 Rb8 31. Bc3 Rb3 32. Qd2 Qxa4 33. Bxd5 Rxc3 34. Bxe6 Rd3 35. Bxf7 Qxd1+ 36. Qxd1 Rxd1+ 37. Kf2 c3 38. e6 Rd8 39. e7 Rc8 40. Be6 Re8 41. Bxf5 Rxe7 42. Bc2 Rd7 43. Ke1 h6 44. e4 Kg8 45. e5 Rd4 46. f5 a4 47. e6 Kf8 48. Bd1 a3 49. Bb3 a2 0-1

[Event "FB21 2324 SC Rochade Zeulenroda - SC Kre"]
[Site "?"]
[Date "2023.10.14"]
[Round "1.6"]
[White "Loos, Tilda"]
[Black "Grosse-Honebrink, Brigitte"]
[Result "1/2-1/2"]
[WhiteElo "1423"]
[BlackElo "1868"]
[PlyCount "143"]
[EventDate "2023.??.??"]

1. e4 e6 2. d4 d5 3. e5 c5 4. c3 Nc6 5. Nf3 Qb6 6. Be2 cxd4 7. cxd4 Bb4+ 8. Nc3 Bd7 9. O-O Nge7 10. a3 Bxc3 11. bxc3 Rc8 12. Bg5 h6 13. Bh4 Nf5 14. Rb1 Qc7 15. Qd2 Nxh4 16. Nxh4 Qd8 17. Nf3 b6 18. Rfc1 Na5 19. Rb4 O-O 20. c4 dxc4 21. Bxc4 Bc6 22. Ba6 Rc7 23. Rc3 Bd5 24. h3 Rxc3 25. Qxc3 Nc6 26. Rb1 Bxf3 27. gxf3 Nxd4 28. Rd1 Qg5+ 29. Kf1 Nf5 30. Qc7 Qh4 31. Kg2 Qf4 32. Qxa7 Nh4+ 33. Kf1 Qxf3 34. Rd3 Qh1+ 35. Ke2 Qe4+ 36. Re3 Qc2+ 37. Kf1 Rd8 38. Qxb6 Rd1+ 39. Re1 Rxe1+ 40. Kxe1 Nf3+ 41. Kf1 Qd1+ 42. Kg2 Nh4+ 43. Kh2 Nf3+ 44. Kg2 Ng5 45. Bb7 Qd3 46. Qe3 Qb5 47. Bf3 g6 48. h4 Nxf3 49. Kxf3 Qd5+ 50. Qe4 Qb3+ 51. Qe3 Qd1+ 52. Qe2 Qh1+ 53. Kg3 Qg1+ 54. Kf3 h5 55. Qe4 Qh1+ 56. Ke3 Qc1+ 57. Kf3 Qxa3+ 58. Qe3 Qa4 59. Qe4 Qd1+ 60. Qe2 Qh1+ 61. Kg3 Qg1+ 62. Kh3 Qb1 63. Kg3 Kg7 64. Qf3 Qf5 65. Qxf5 exf5 66. Kf4 f6 67. exf6+ Kxf6 68. f3 g5+ 69. hxg5+ Kg6 70. Kg3 Kxg5 71. f4+ Kf6 72. Kh4 1/2-1/2

[Event "FB21 2324 SG Leipzig - TuS Coswig 1920"]
[Site "?"]
[Date "2023.10.15"]
[Round "2.1"]
[White "Moses, Selina"]
[Black "Gempe, Anet"]
[Result "1/2-1/2"]
[WhiteElo "1927"]
[BlackElo "1943"]
[PlyCount "60"]
[EventDate "2023.??.??"]

1. e4 e6 2. d4 d5 3. Nd2 Nf6 4. e5 Nfd7 5. Bd3 c5 6. c3 Nc6 7. Ne2 cxd4 8. cxd4 f6 9. exf6 Nxf6 10. Nf3 Bd6 11. O-O Qc7 12. g3 O-O 13. Bf4 e5 14. dxe5 Nxe5 15. Nxe5 Bxe5 16. Rc1 Qe7 17. Qb3 Bg4 18. Rfe1 Bxf4 19. Nxf4 Qf7 20. Qc2 g5 21. Ng2 Rae8 22. Rxe8 Rxe8 23. Qd2 h6 24. Ne3 Rf8 25. Kg2 Bf3+ 26. Kg1 Qh5 27. Bf5 Qf7 28. Qd3 Kg7 29. Qc3 Kg8 30. Qd3 Kg7 1/2-1/2

[Event "FB21 2324 SG Leipzig - TuS Coswig 1920"]
[Site "?"]
[Date "2023.10.15"]
[Round "2.2"]
[White "Beltz, Martina"]
[Black "Timme, Karin"]
[Result "1/2-1/2"]
[WhiteElo "1887"]
[BlackElo "2064"]
[PlyCount "54"]
[EventDate "2023.??.??"]

1. d4 d5 2. Nf3 Nf6 3. Bg5 e6 4. e3 c5 5. c3 Be7 6. Nbd2 Qb6 7. Qc2 O-O 8. Ne5 Bd7 9. Bd3 h6 10. Bh4 Bb5 11. O-O Bxd3 12. Qxd3 Qd8 13. f4 Nbd7 14. Bxf6 Nxf6 15. f5 Bd6 16. Rad1 Qc7 17. Ndf3 Ne4 18. c4 cxd4 19. exd4 b6 20. Qb3 Nf6 21. cxd5 exd5 22. Rc1 Qb7 23. Rc6 Rfd8 24. Rfc1 Rac8 25. Qa4 Rxc6 26. Qxc6 Qxc6 27. Rxc6 Ne4 1/2-1/2

[Event "FB21 2324 SG Leipzig - TuS Coswig 1920"]
[Site "?"]
[Date "2023.10.15"]
[Round "2.3"]
[White "Richter, Ulrike"]
[Black "Lobe, Sandra"]
[Result "0-1"]
[WhiteElo "1883"]
[BlackElo "1797"]
[PlyCount "72"]
[EventDate "2023.??.??"]

1. c4 Nf6 2. d4 g6 3. Nc3 Bg7 4. e4 d6 5. Be3 O-O 6. Be2 Nbd7 7. Nf3 e5 8. dxe5 dxe5 9. O-O c6 10. h3 Qe7 11. Qc1 Nc5 12. Nd2 Ne6 13. Nf3 Nc5 14. Qc2 a5 15. a3 Nh5 16. Na4 Nxa4 17. Qxa4 Nf4 18. Qc2 f5 19. Bxf4 exf4 20. e5 g5 21. Bd3 g4 22. Nd4 Qxe5 23. Ne2 Qxb2 24. Rab1 Qxc2 25. Bxc2 Be5 26. hxg4 fxg4 27. Rfe1 Bd6 28. Rb3 a4 29. Rd3 Bc5 30. Kf1 Bf5 31. Rd2 Bxc2 32. Rxc2 Bxa3 33. Nd4 Bb4 34. Re5 Rfe8 35. Rce2 Rxe5 36. Rxe5 a3 0-1

[Event "FB21 2324 SG Leipzig - TuS Coswig 1920"]
[Site "?"]
[Date "2023.10.15"]
[Round "2.4"]
[White "Oswald, Lena"]
[Black "Moldenhauer, Antje"]
[Result "1-0"]
[WhiteElo "1819"]
[BlackElo "1806"]
[PlyCount "43"]
[EventDate "2023.??.??"]

1. e4 c5 2. Nf3 d6 3. d4 cxd4 4. Nxd4 Nf6 5. Nc3 g6 6. Be3 Bg7 7. f3 O-O 8. Bc4 Nc6 9. Qd2 Bd7 10. O-O-O Ne5 11. Bb3 Qa5 12. Bh6 Rfc8 13. Bxg7 Kxg7 14. g4 Nc4 15. Bxc4 Rxc4 16. h4 Rxc3 17. Qxc3 Qxa2 18. g5 Rc8 19. gxf6+ Kxf6 20. Nc6+ Ke6 21. Qb3+ Qxb3 22. Nd4+ 1-0

[Event "FB21 2324 SG Leipzig - TuS Coswig 1920"]
[Site "?"]
[Date "2023.10.15"]
[Round "2.5"]
[White "Gebhardt, Christine"]
[Black "Oswald, Hannah"]
[Result "0-1"]
[WhiteElo "1717"]
[BlackElo "1784"]
[PlyCount "50"]
[EventDate "2023.??.??"]

1. e4 e5 2. Nf3 Nc6 3. Bc4 Bc5 4. c3 Nf6 5. d3 O-O 6. a4 a6 7. O-O d5 8. exd5 Nxd5 9. b4 Be7 10. Re1 Bg4 11. h3 Bh5 12. g4 Bg6 13. Nxe5 Nxe5 14. Rxe5 c6 15. Bxd5 cxd5 16. Qf3 Bf6 17. Rxd5 Qc8 18. Rc5 Qe6 19. Bd2 Qb3 20. Na3 Qb2 21. Qd1 Bxd3 22. Nc4 Bxc4 23. Rxc4 Rad8 24. Qf1 Rxd2 25. Rb1 Qc2 0-1

[Event "FB21 2324 SG Leipzig - TuS Coswig 1920"]
[Site "?"]
[Date "2023.10.15"]
[Round "2.6"]
[White "Ottlik, Marie"]
[Black "Fruebing, Simone"]
[Result "0-1"]
[WhiteElo "1491"]
[BlackElo "1735"]
[PlyCount "76"]
[EventDate "2023.??.??"]

1. e4 c5 2. Nf3 e6 3. d4 cxd4 4. Nxd4 a6 5. c4 Qc7 6. Nc3 Nf6 7. a3 d6 8. Be3 Be7 9. Be2 O-O 10. O-O Nbd7 11. Rc1 Nc5 12. f3 b6 13. b4 Ncd7 14. Qd2 Bb7 15. Rfd1 Ne5 16. Qb2 Ne8 17. Qb3 h6 18. Na4 Nd7 19. Kh1 Bf6 20. c5 bxc5 21. bxc5 Nxc5 22. Nxc5 dxc5 23. Qc2 Be7 24. Nb3 Nf6 25. Nxc5 Rfc8 26. Bd3 a5 27. a4 Bc6 28. Qd2 Qe5 29. Bf4 Qd4 30. Be3 Qb4 31. Qf2 Bxa4 32. Nxa4 Rxc1 33. Rxc1 Qxa4 34. e5 Nd5 35. Be4 Rd8 36. Bxd5 Rxd5 37. Rc8+ Kh7 38. h3 Rxe5 0-1